Words with only one Vowel: A - Statistics

General Stats
  • This quiz has been taken 764 times
  • The average score is 9 of 20
Answer Stats
Hint Answer % Correct
Suez, or Panama, e.g. Canal
90%
Largest borough in NYC Manhattan
77%
Ivy League school Harvard
74%
Relative of the plantain Banana
72%
Capital of Iraq Baghdad
69%
Sunday, for Christians Sabbath
58%
Game also known as twenty-one Blackjack
55%
8-letter long US state Arkansas
53%
One who destroys property Vandal
52%
System and rules of language Grammar
50%
Shaken percussion instrument Maracas
50%
Movie set on Pandora Avatar
49%
Sudden and disturbing memory Flashback
40%
A play for the theatre Drama
30%
1944 triple-Oscar movie winner Casablanca
25%
Pleasantly smelly Fragrant
21%
Event causing public outrage Scandal
21%
Determined in one's belief Adamant
19%
Defensive wall of a castle Rampart
12%
Brave, valiant Gallant
7%
No matching quizzes found
Score Distribution
Percent of People with Each Score
Percentile by Number Answered
Your Score History
You have not taken this quiz